00520cam a22001812 4500001001100000005001700011008004100028020001500069040001500084100003000099245007200129250001300201260004300214300001100257650003400268700003300302852000300335000001222520151217145855.0090217s xx 000 0 eng d a0521521513 aKABUcKABU1 aJesson, Jill.@000016848310aStarter award in ICT :bon track /cJill Jesson and Graham Peacock. a1st ed. aCambridge, England :bC. U. P.,c2003. a61 p. 0aComputer science.@00000584801 aPeacock, Graham.@00000137041